| 000 | 00752nam a2200265 4500 | ||
|---|---|---|---|
| 003 | OSt | ||
| 005 | 20260601193840.0 | ||
| 008 | 260507b1999 mx ||||| |||| 00| 0 spa d | ||
| 020 | _a9701024346 | ||
| 020 | _a9701024346 | ||
| 040 |
_aICI _bspa _cICI |
||
| 041 | _aspa | ||
| 050 |
_aNC1002.L63 _bL6418 |
||
| 100 |
_a Lloyd Morgan Conway _eautor |
||
| 245 | 0 |
_aLogos: _b Logotipos, identidad, marca, cultura. |
|
| 264 |
_aMéxico : _bMcGraw-Hill _c1999 |
||
| 300 |
_a160 páginas : _bilustraciones |
||
| 336 |
_atexto _2rdacontent |
||
| 337 |
_asin medio _2rdamedia |
||
| 338 |
_avolumen _2rdacarrier |
||
| 500 | _aTraducción de: Logos: logo, indetity, brand, culture | ||
| 650 | 4 | _aLogotipos | |
| 650 | 4 | _aMarcas registradas | |
| 942 |
_2lcc _cB _n1 |
||
| 999 |
_c21394 _d21394 |
||